[Event "Let's Play Chess!"]
[Site "http://www.queenalice.com/game.php?id=1239226"]
[Date "2013.12.11"]
[Round "-"]
[White "bugavalle"]
[Black "Aldino"]
[Result "1-0"]
[WhiteElo "1500"]
[BlackElo "2147"]

1. e4 e5 2. Nf3 d6 3. d4 exd4 4. Nxd4 Nf6 5. Bd3 c5 6. Nf5 Bxf5 7. exf5 Qe7+ 8.
Be3 Nc6 9. O-O Qd7 10. Nc3 Be7 11. Re1 O-O 12. h3 Ne5 13. b3 Nxd3 14. Qxd3 d5
15. Ne2 b5 16. g4 Rab8 17. Nf4 c4 18. Qd4 Ne4 19. Qxa7 Qxa7 20. Bxa7 Rb7 21.
Nxd5 Rxa7 22. Rxe4 Re8 23. Rae1 Kf8 24. bxc4 bxc4 25. f6 1-0

[Event "Let's Play Chess!"]
[Site "http://www.queenalice.com/game.php?id=1239361"]
[Date "2013.12.11"]
[Round "-"]
[White "bugavalle"]
[Black "rogeriooliveira"]
[Result "0-1"]
[WhiteElo "1773"]
[BlackElo "1336"]

1. e4 e5 2. Nf3 Nc6 3. Nc3 Nf6 4. Bb5 a6 5. Ba4 b5 6. Bb3 Bb4 7. Qe2 O-O 8. O-O
Bxc3 9. bxc3 Rb8 10. d4 exd4 11. cxd4 d6 12. d5 Ne7 13. Bb2 Ng4 14. h3 Nf6 15.
Bxf6 gxf6 16. Nd4 Be6 17. dxe6 fxe6 18. Nxe6 Qe8 19. Nxc7+ Kg7 20. Nxe8+ Rfxe8
21. Qg4+ Ng6 22. Rad1 Re7 23. Rxd6 a5 24. Rd7 Re8 25. Rxe7+ Rxe7 26. f4 a4 27.
Bxa4 bxa4 28. f5 h5 29. Qxg6+ Kf8 30. Qxf6+ Rf7 31. Qd6+ Kg7 32. f6+ Kg6 33. h4
a3 34. e5 Kh6 35. Rf5 Kg6 36. Rg5+ Kh6 37. Qd2 Kh7 0-1

[Event "Let's Play Chess!"]
[Site "http://www.queenalice.com/game.php?id=1239362"]
[Date "2013.12.11"]
[Round "-"]
[White "rogeriooliveira"]
[Black "bugavalle"]
[Result "0-1"]
[WhiteElo "1426"]
[BlackElo "1909"]

1. e4 c5 2. d4 cxd4 3. Qxd4 Nc6 4. Qd5 Nf6 5. Qd3 Nb4 6. Qe2 e5 7. c3 Na6 8. Bd2
Be7 9. Na3 Bxa3 10. bxa3 Qa5 11. Bc1 Qxc3+ 12. Bd2 Qxa1+ 13. Qd1 Qxd1+ 14. Kxd1
Nxe4 15. Nf3 Nxf2+ 16. Ke1 Nxh1 17. Bxa6 bxa6 18. Kf1 e4 19. Ne5 O-O 20. Kg1 Rb8
21. Ba5 Rb1+ 22. Be1 Rxe1# 0-1

[Event "AUTO-OPEN-3146"]
[Site "http://www.queenalice.com/game.php?id=1241327"]
[Date "2013.12.19"]
[Round "1"]
[White "Piotrek"]
[Black "bugavalle"]
[Result "1-0"]
[WhiteElo "1346"]
[BlackElo "1664"]

1. d4 d5 2. b4 c6 3. c3 Bf5 4. a4 e6 5. a5 a6 6. g3 Nf6 7. Bg2 Bd6 8. Nf3 O-O 9.
O-O Nbd7 10. Bg5 h6 11. Bxf6 Nxf6 12. e3 Qd7 13. Nh4 e5 14. dxe5 Bxe5 15. Nxf5
Qxf5 16. Nd2 Ng4 17. Nf3 Bxc3 18. Nh4 Qh5 19. Rb1 f5 20. Bf3 Bf6 21. Bxg4 fxg4
22. h3 Bxh4 23. hxg4 Qg5 24. f4 Qe7 25. gxh4 Qxe3+ 26. Kh1 1-0

[Event "AUTO-OPEN-3146"]
[Site "http://www.queenalice.com/game.php?id=1241328"]
[Date "2013.12.19"]
[Round "1"]
[White "bugavalle"]
[Black "Piotrek"]
[Result "0-1"]
[WhiteElo "1626"]
[BlackElo "1375"]

1. d4 d5 2. e3 g6 3. Nf3 Bg7 4. c3 Nf6 5. Bd3 Bg4 6. Nbd2 O-O 7. h3 Bxf3 8. Nxf3
c6 9. O-O b5 10. b4 a5 11. a4 axb4 12. cxb4 Nbd7 13. a5 Nb8 14. Bd2 Na6 15. Re1
Nc7 16. Ne5 Nh5 17. g4 Nf6 18. Nxc6 Qd6 19. Ne5 Ne4 20. Bxe4 dxe4 21. g5 Bxe5
22. dxe5 Qxe5 23. Qg4 f5 24. gxf6 Qxf6 0-1

[Event "AUTO-OPEN-3146"]
[Site "http://www.queenalice.com/game.php?id=1241355"]
[Date "2013.12.19"]
[Round "1"]
[White "Shizumaru_Hisame"]
[Black "bugavalle"]
[Result "0-1"]
[WhiteElo "1731"]
[BlackElo "1500"]

1. e4 d5 2. Nc3 e6 3. f4 c6 4. d3 f6 5. e5 Nd7 6. exf6 Ngxf6 7. Be2 Be7 8. Bh5+
g6 9. Bf3 b5 10. a4 b4 11. Nce2 c5 12. Be3 O-O 13. Nh3 h6 14. f5 exf5 15. Bxh6
Re8 16. Nef4 Bf8+ 17. Kf2 Bxh6 18. Bxd5+ Nxd5 19. Nxd5 Ne5 20. Ndf4 Ng4+ 21. Kf1
Ne3+ 22. Ke1 Nxd1+ 23. Kxd1 Bxf4 24. Nxf4 c4 25. Nxg6 Qg5 26. Re1 Rxe1+ 27. Kxe1
Qxg6 0-1

[Event "AUTO-OPEN-3146"]
[Site "http://www.queenalice.com/game.php?id=1241356"]
[Date "2013.12.19"]
[Round "1"]
[White "bugavalle"]
[Black "Shizumaru_Hisame"]
[Result "1-0"]
[WhiteElo "1710"]
[BlackElo "1731"]

1. e4 e5 2. Nf3 Nc6 3. Nc3 f6 4. Bc4 Nd4 5. Nxd4 exd4 6. Nd5 c6 7. Nf4 g6 8. O-O
Bh6 9. g3 Bxf4 10. gxf4 f5 11. exf5 d5 12. fxg6 hxg6 13. Re1+ Kf8 14. Bd3 Qh4
15. Qf3 Qxh2+ 16. Kf1 Rh3 17. Qg2 Qxf4 18. b3 Rf3 19. Ba3+ Ne7 20. Bxe7+ Ke8 21.
Bg5+ Kd7 22. Bxf4 Rxf4 23. Qxg6 Kc7 24. Re7+ Kb6 25. Qd6 Bh3+ 26. Ke1 a6 27.
Qb4+ Ka7 28. Qxb7# 1-0

[Event "AUTO-OPEN-3146"]
[Site "http://www.queenalice.com/game.php?id=1241375"]
[Date "2013.12.19"]
[Round "1"]
[White "bugavalle"]
[Black "toomchess"]
[Result "0-1"]
[WhiteElo "1816"]
[BlackElo "1866"]

1. d3 e5 2. e4 Bc5 3. Nf3 d6 4. Nc3 f5 5. Be3 Bb6 6. Be2 Nf6 7. h3 Nc6 8. Qd2
Nd4 9. Nxd4 exd4 10. Bxd4 Bxd4 11. O-O O-O 12. Rae1 c6 13. b3 Qa5 14. Nb1 Qxd2
15. Nxd2 Bc3 16. Rd1 Bxd2 17. Rxd2 fxe4 18. d4 d5 19. f4 h5 20. c4 Bf5 21. Kf2
Rfe8 22. Ke3 a5 23. a4 Kf7 24. Rc2 Rad8 25. Rb1 Rd7 26. c5 Re6 27. b4 axb4 28.
Rxb4 Re8 29. a5 Ra8 30. Ra2 Rc7 31. a6 bxa6 32. Rb6 a5 33. Ra6 Rb8 34. Ra3 Bd7
35. R6xa5 Rcb7 36. Rc3 g6 37. Ra1 Rb3 38. Ra3 Rb2 39. Kf2 Rd2 40. Re3 Rxd4 41.
Kg3 Rc4 42. Bxc4 dxc4 43. Rec3 Rb4 44. Kh4 Nd5 45. Kg5 Nxc3 46. Rxc3 Ra4 47. g4
hxg4 48. hxg4 Be6 49. Rh3 Kg7 50. Rh6 Bf7 51. f5 Ra5 52. f6+ Kg8 53. Rxg6+ Bxg6
54. Kxg6 e3 0-1

[Event "AUTO-OPEN-3146"]
[Site "http://www.queenalice.com/game.php?id=1241376"]
[Date "2013.12.19"]
[Round "1"]
[White "toomchess"]
[Black "bugavalle"]
[Result "0-1"]
[WhiteElo "2023"]
[BlackElo "1746"]

1. e4 e5 2. f4 d6 3. f5 Qh4+ 4. Ke2 Qxe4+ 5. Kf2 Qd4+ 6. Ke1 Qh4+ 7. Ke2 Bxf5 8.
d3 Nc6 9. c3 e4 10. dxe4 Qxe4+ 11. Be3 O-O-O 12. Kd2 Qd5+ 13. Kc1 Qe4 14. Bf2 g6
15. Nd2 Bh6 16. Nf3 Re8 17. Bb5 Nge7 18. Re1 Qd5 19. Nd4 a6 20. Bf1 Ne5 21. b3
Nd3+ 22. Bxd3 Bxd3 23. c4 Qxg2 24. Bg3 Nf5 25. Nxf5 Bxf5 26. Rg1 Bxd2+ 27. Kb2
Bc3+ 28. Kxc3 Re3+ 29. Kb4 Qb2 30. Qc1 Qd4 31. Ka3 Qc5+ 32. Kb2 Re2+ 33. Kc3
Rc2+ 34. Qxc2 Bxc2 35. Kxc2 Re8 36. Rgf1 Re2+ 37. Kc3 Qe3+ 38. Kb4 c5+ 39. Ka5
Qc3+ 40. Kb6 Qb4+ 41. Ka7 Re7 42. Bxd6 b5+ 43. Bxe7 bxc4 44. Kxa6 Qb7+ 45. Ka5
Qxe7 46. bxc4 f5 47. Kb5 Kc7 48. Rfd1 f4 49. a4 Qf6 50. Kxc5 Qe5+ 51. Kb4 Qb2+
52. Kc5 Qe5+ 53. Kb4 Kc6 54. Ra2 f3 55. Rdd2 Qc5+ 56. Kb3 Qe3+ 57. Kb4 g5 58. a5
Kb7 59. a6+ Ka7 60. c5 Qe4+ 61. Kb5 Qb1+ 62. Rab2 Qf5 63. Kc4 Qe4+ 64. Rd4 Qe6+
65. Kd3 Qxa6+ 66. Kd2 Qe2+ 67. Kc3 Qe3+ 68. Kc4 Qc1+ 69. Kb3 f2 70. Rxf2 Qe3+
0-1

[Event "Let's Play Chess!"]
[Site "http://www.queenalice.com/game.php?id=1242074"]
[Date "2013.12.22"]
[Round "-"]
[White "spawnwolfwolverine"]
[Black "bugavalle"]
[Result "1-0"]
[WhiteElo "1791"]
[BlackElo "1872"]

1. d4 d5 2. e3 c5 3. Bb5+ Bd7 4. Bxd7+ Nxd7 5. c3 c4 6. Nf3 Ngf6 7. O-O e6 8. b3
b5 9. a4 Qb8 10. Ba3 b4 11. Bxb4 Bxb4 12. cxb4 Qxb4 13. bxc4 Qxc4 14. Nbd2 Qc7
15. a5 Ng4 16. g3 h5 17. Ne5 Ndxe5 18. dxe5 Qxe5 19. Nf3 Qd6 20. Qd4 e5 21. Qa4+
Kf8 22. a6 e4 23. Nd4 g6 24. Rab1 Kg7 25. Rb7 Ne5 26. Qb4 Qxb4 27. Rxb4 Rhc8 28.
Rb7 Nf3+ 29. Nxf3 exf3 30. h4 Rc5 31. Rd1 Kf6 32. Kh2 Ra5 33. Kh3 Ke6 34. g4
Rxa6 35. gxh5 gxh5 36. Kg3 Ra4 37. Rc1 f6 38. Rc6+ Kf5 39. Rf7 Rg8+ 40. Kxf3 Rg6
41. Rh7 Rxh4 42. Rxa7 Rh3+ 43. Ke2 h4 44. Ra5 Ke4 45. Ra4+ Ke5 46. f4+ Kf5 47.
Rc5 Rh2+ 48. Kd3 Rgg2 49. e4+ Kg6 50. exd5 h3 51. Ra6 Rg3+ 52. Kd4 Rd2+ 53. Kc4
1-0

[Event "Let's Play Chess!"]
[Site "http://www.queenalice.com/game.php?id=1246795"]
[Date "2014.1.10"]
[Round "-"]
[White "Eggchaser"]
[Black "bugavalle"]
[Result "0-1"]
[WhiteElo "1815"]
[BlackElo "1859"]

1. d4 d5 2. c4 c6 3. Nf3 e6 4. Nc3 Nf6 5. Bg5 Be7 6. e3 h6 7. Bh4 g5 8. Bg3 Nbd7
9. Be2 Ne4 10. Nxe4 dxe4 11. Ne5 Bb4+ 0-1

[Event "AUTO-ADV-3052"]
[Site "http://www.queenalice.com/game.php?id=1247856"]
[Date "2014.1.14"]
[Round "1"]
[White "magrella"]
[Black "bugavalle"]
[Result "1-0"]
[WhiteElo "1909"]
[BlackElo "1797"]

1. e4 c5 2. c4 Nc6 3. Nf3 e5 4. Nc3 a6 5. d3 d6 6. Be2 Nf6 7. O-O Be7 8. h3 O-O
9. a3 Nd4 10. Nxd4 cxd4 11. Na2 a5 12. b4 axb4 13. axb4 Bd7 14. b5 b6 15. Bb2
Qc8 16. Qd2 h6 17. Kh2 Nh7 18. f4 f6 19. f5 Ra7 20. Rf3 Ng5 21. Rg3 Qa8 22. Bc1
Be8 23. h4 Nf7 24. Bh5 Kh7 25. Bg6+ Kg8 26. Qe2 Nh8 27. Bxe8 Rxe8 28. Bxh6 Bf8
29. h5 g6 30. Bxf8 Kxf8 31. hxg6 Rg7 32. Qh5 Ke7 33. Qh6 Reg8 34. Rh3 Nxg6 35.
fxg6 Rxg6 36. Qh7+ R6g7 37. Qf5 Rxg2+ 38. Kh1 R8g7 39. Rh6 Qf8 40. Nb4 R2g5 41.
Nc6+ Kf7 42. Rxf6+ 1-0

[Event "AUTO-ADV-3052"]
[Site "http://www.queenalice.com/game.php?id=1247857"]
[Date "2014.1.14"]
[Round "1"]
[White "bugavalle"]
[Black "magrella"]
[Result "0-1"]
[WhiteElo "1756"]
[BlackElo "1893"]

1. d4 e6 2. e4 d5 3. e5 f6 4. b3 c5 5. c3 Qc7 6. Nf3 Nc6 7. Bd3 Bd7 8. exf6 Nxf6
9. g3 Be7 10. O-O O-O-O 11. Be3 cxd4 12. Nxd4 e5 13. Nxc6 Bxc6 14. f3 e4 15. Be2
h5 16. Qc2 Nh7 17. f4 g6 18. b4 a6 19. Na3 g5 20. Bxh5 Rdg8 21. Bg4+ Bd7 22.
Bxd7+ Qxd7 23. Bd4 Nf6 24. fxg5 Rxg5 25. Bxf6 Bxf6 26. Rxf6 e3 27. Qe2 Qh3 28.
Qg2 Rgh5 29. Qxh3+ Rxh3 30. g4 Rxh2 31. Nb1 e2 32. Re6 Rh1+ 33. Kf2 e1=Q+ 34.
Rxe1 R8h2+ 35. Kg3 Rh3+ 36. Kg2 R1h2+ 37. Kg1 Rc2 38. a4 Rg3+ 39. Kf1 Rcg2 40.
Na3 Rxg4 41. Rad1 Rg5 42. b5 R2g3 43. bxa6 bxa6 44. Nb1 Kd7 45. c4 Kd6 46. Nd2
Kc5 47. cxd5 R3g4 48. Ne4+ Rxe4 49. Rxe4 Rxd5 50. Rc1+ Kb6 51. Rb4+ Ka5 0-1

[Event "AUTO-ADV-3052"]
[Site "http://www.queenalice.com/game.php?id=1247874"]
[Date "2014.1.14"]
[Round "1"]
[White "bugavalle"]
[Black "ACamargo"]
[Result "0-1"]
[WhiteElo "1909"]
[BlackElo "1971"]

1. e3 e5 2. d4 exd4 3. Qxd4 Nc6 4. Qe4+ Be7 5. Qf3 Nf6 6. Bc4 d5 7. Bb5 Bd7 8.
Nc3 a6 9. Ba4 b5 10. Bb3 Be6 11. Bd2 Ne5 12. Qe2 c5 13. a3 O-O 14. h3 c4 15. Ba2
Qb6 16. f4 Ng6 17. g4 Nh4 18. f5 Bd7 19. Nf3 Nxf3+ 20. Qxf3 Bc6 21. Qf1 d4 22.
exd4 Bxh1 23. Qxh1 Qxd4 24. O-O-O Rfd8 25. Ne2 Qe5 26. Nc3 Ra7 27. Re1 Qd4 28.
Rd1 Qe5 29. Re1 Qb8 30. g5 Nh5 31. Ne4 Ng3 32. f6 Nxh1 0-1

[Event "AUTO-ADV-3052"]
[Site "http://www.queenalice.com/game.php?id=1247875"]
[Date "2014.1.14"]
[Round "1"]
[White "ACamargo"]
[Black "bugavalle"]
[Result "1-0"]
[WhiteElo "1932"]
[BlackElo "1824"]

1. d4 d6 2. c4 c5 3. d5 g6 4. Nc3 Bg7 5. Qc2 Nf6 6. e4 O-O 7. h3 e6 8. Nf3 Na6
9. a3 exd5 10. cxd5 Re8 11. Bxa6 bxa6 12. O-O Re7 13. Re1 Bd7 14. Bf4 Ne8 15. e5
dxe5 16. Nxe5 Bf5 17. Qd2 f6 18. Nc6 Rxe1+ 19. Rxe1 Qd7 20. Re7 Qc8 21. Nxa7 Qd8
22. Nc6 Qc8 23. Bh6 g5 24. Bxg7 Nxg7 25. Na4 Qf8 26. d6 Be4 27. Rxe4 Nf5 28. d7
Nd4 29. Nxd4 cxd4 30. Qxd4 Kg7 31. Nc5 Kg6 32. Ne6 Qg8 33. d8=Q Rxd8 34. Qxd8
1-0

[Event "AUTO-ADV-3052"]
[Site "http://www.queenalice.com/game.php?id=1247876"]
[Date "2014.1.14"]
[Round "1"]
[White "bugavalle"]
[Black "ismaelpereira"]
[Result "0-1"]
[WhiteElo "1685"]
[BlackElo "1706"]

1. e4 e5 2. Nf3 Nc6 3. Bc4 h6 4. Nc3 Bb4 5. a3 Bxc3 6. dxc3 Nf6 7. O-O Nxe4 8.
Qd5 Nd6 9. Nxe5 Nxe5 10. Qxe5+ Qe7 11. Qxe7+ Kxe7 12. Re1+ Kd8 13. Ba2 Nf5 14.
Bxf7 d6 15. h3 Nh4 16. b4 Bf5 17. Bf4 Bxc2 18. Bg3 Nf5 19. Ra2 Bd3 20. Rd2 Bb5
21. Bh2 Nh4 22. Re4 g5 23. c4 Bc6 24. Rg4 Rf8 25. Bd5 Bxd5 26. Rxd5 Ng6 27. g3
Ne7 28. Rd2 Rf3 29. a4 Nc6 30. c5 Nxb4 31. Rxb4 b6 32. cxd6 c5 33. Re4 Kd7 34.
Re7+ Kd8 35. Rh7 Rf6 36. Rh8+ Kd7 37. Rxa8 Rxd6 38. Rxa7+ Kc6 0-1

[Event "AUTO-ADV-3052"]
[Site "http://www.queenalice.com/game.php?id=1247877"]
[Date "2014.1.14"]
[Round "1"]
[White "ismaelpereira"]
[Black "bugavalle"]
[Result "1-0"]
[WhiteElo "1689"]
[BlackElo "1710"]

1. e4 c5 2. Bc4 Nc6 3. Nf3 e5 4. d3 h6 5. O-O Nf6 6. Nc3 a6 7. Be3 b5 8. Bd5 Bd6
9. Bxc6 dxc6 10. a4 O-O 11. axb5 Bb7 12. bxa6 Bxa6 13. h3 c4 14. dxc4 Bb4 15.
Qxd8 Rfxd8 16. Na2 Be7 17. Nxe5 Nxe4 18. Nxc6 Rd7 19. Rfd1 Rxd1+ 20. Rxd1 Bc5
21. Bxc5 Nxc5 22. Ne7+ Kh7 23. b3 Bxc4 24. bxc4 Rxa2 25. c3 Ne4 26. Nd5 Rc2 27.
Re1 Nxc3 28. Ne3 Ra2 29. Rc1 Ne2+ 30. Kh2 Nxc1 31. f4 Ra4 32. g4 Ra2+ 33. Kg3
Ne2+ 34. Kf3 Ng1+ 35. Kg3 Ra3 36. Kf2 Nxh3+ 37. Kf3 g5 38. fxg5 hxg5 39. Ke4 1-0

[Event "Challenge"]
[Site "http://www.queenalice.com/game.php?id=1263723"]
[Date "2014.3.10"]
[Round "-"]
[White "bugavalle"]
[Black "Vladimir"]
[Result "0-1"]
[WhiteElo "1773"]
[BlackElo "1928"]

1. e4 e5 2. Nf3 Nc6 3. Nc3 a6 4. Bc4 h6 5. d3 Bb4 6. a3 Bxc3+ 7. bxc3 Nf6 8. O-O
d5 9. exd5 Nxd5 10. Bxd5 Bg4 11. Bxc6+ bxc6 0-1